00495 2200181 4500001002100000005001500021035002000036007000300056008004100059020002200100082000800122084001400130100001600144245005700160260003400217300004500251650001700296INLIS00000000000026520231128105654 a0010-1123000048ta231128 g 0 ind  a978-602-344-174-7 a635 a635 TIM b0 aTim Pustaka1 aBertanam Bawang Merah Tak Kenal Musim /cTim Pustaka aJakarta :bTim Pustaka,c2017 aviii, 108 hlm, :bilus, ;c16 cm x 24 cm 4aBawang Merah